Vista normal
Vista MARC
Entrada Nombre geográfico
Número de registros utilizados en: 2
001 - NÚMERO DE CONTROL
- campo de control: 89325
003 - IDENTIFICADOR DEL NÚMERO DE CONTROL
- campo de control: DO-SdBNP
005 - FECHA Y HORA DE LA ÚLTIMA TRANSACCIÓN
- campo de control: 20260414120441.0
008 - DATOS DE LONGITUD FIJA
- campo de control de longitud fija: 260414|| aza||aabn | a|a d
040 ## - FUENTE DE LA CATALOGACIÓN
- Centro catalogador/agencia de origen: DO-SdBNP
- Centro/agencia transcriptor: DO-SdBNP
151 ## - ENCABEZAMIENTO--NOMBRE GEOGRÁFICO
- Nombre geográfico: América
- Subdivisión general: Biografía
670 ## - FUENTE DE DATOS ENCONTRADOS
- Cita de la fuente: Work cat.: (DO-SdBNP)38229: Gutiérrez Félix, Euclides, 1936- autor aut. 5673, Héroes y próceres dominicanos y americanos /
